000 00556nam a2200181Ia 4500
001 11213
005 20260306161929.0
008 260306t2017||||xx |||||||||||||| ||spa||
041 _aESP
082 _a985.019
_bH97G
100 _aHusson, Jean-Philippe
_eAUT
245 0 _aGénesis de los dramas del fin del inca Atahualpa y los mitos de Incarrí:
_bproducciones del reino neo-inca de Vilcabamba y de sus aliados del Taqui Oncoy
260 _c2017
300 _a380 páginas :
_c24 cm.
650 _aGEN
654 _aCHU
942 _cLIB
_dJUS
_fJUS
_2ddc
_n
999 _c11213
_d11213